000 00777nam a22001577a 4500
003 OSt
005 20161125141818.0
008 161125b xxu||||| |||| 00| 0 eng d
040 _cRUA
082 _aLMA KHE 2015 B540 Or.1
100 _911364
_aKHEAV ODAM; ខៀវ ឧត្តម
245 _aStudy on adjudication process in systematic land registration in baphnom district, prey veng province; សិក្សាពីដំណើរការនៃការវិនិច្ឆ័យក្នុងការចុះបញ្ញីដីធ្លី មានលក្ខណៈជាប្រព័ន្ធ ស្រុកបាភ្នំ ខេត្តព្រៃវែង
260 _aPHNOM PENH
_bKHE
_c2015
300 _ax;48p.
_bill.
_c29cm.
942 _2ddc
_cLMA
999 _c10926
_d10926